书目信息 |
| 题名: |
马拉多纳
|
|
| 作者: | [加拿大]利安.古代尔 , [加拿大]古代尔 , [加拿大]古代尔 著€ | |
| 分册: | ||
| 出版信息: | 沈阳 辽宁教育出版社 1999.9 |
|
| 页数: | 76页 | |
| 开本: | 32开 | |
| 丛书名: | 体育明星系列 | |
| 单 册: | ||
| 中图分类: | K815.47-51 | |
| 科图分类: | ||
| 主题词: | 马拉多纳--生平事迹 | |
| 电子资源: | ||
| ISBN: | 7-5382-5591-5 | |
| 000 | 00765nam0 2200241 45 | |
| 001 | 0005260918 | |
| 005 | 20031219104045.5 | |
| 010 | @a7-5382-5591-5@dCNY4.80 | |
| 100 | @a20000526d1999 km y0chiy0120 ea | |
| 101 | @achi | |
| 105 | @a z 000yy | |
| 200 | 1 | @a马拉多纳@f[加拿大]古代尔(Goodall.L.)著;郑灿起译@F[Jia Na Da]Gu Dai Er(Goodall.L.)Zhu;Zheng Can Qi Yi |
| 210 | @a沈阳@c辽宁教育出版社@d1999.9 | |
| 215 | @a76页@c冠图@d32开 | |
| 225 | @a体育明星系列 | |
| 410 | @12001 @a体育明星系列 | |
| 606 | 0 | @a马拉多纳@x生平事迹 |
| 690 | @aK815.47-51@v1 | |
| 701 | @a[加拿大]利安.古代尔@4著€@a郑灿起@4译 | |
| 701 | 0 | @a[加拿大]古代尔@4著 |
| 701 | 0 | @a[加拿大]古代尔@bGoodall.L.@4著 |
| 801 | @aCN@bTSTC@c20000526 | |
| 905 | @f6@b288932-937@dK815.47-51@e58:6 | |
| 马拉多纳/[加拿大]古代尔(Goodall.L.)著;郑灿起译.-沈阳:辽宁教育出版社,1999.9 |
| 76页:冠图;32开.-(体育明星系列) |
| ISBN 7-5382-5591-5:CNY4.80 |
| ● |
| 相关链接 |
|
|
|
|
正题名:马拉多纳
索取号:K815.47-51/58:6
 
预约/预借
| 序号 | 登录号 | 条形码 | 馆藏地/架位号 | 状态 | 备注 |
| 1 | 0288932 | 002889324 | 第二借阅区/ [索取号:K815.47-51/58:6] | 在馆 | |
| 2 | 0288933 | 002889333 | 第二借阅区/ [索取号:K815.47-51/58:6] | 在馆 | |
| 3 | 0288934 | 002889342 | 第二借阅区/ [索取号:K815.47-51/58:6] | 在馆 | |
| 4 | 0288935 | 002889351 | 第二借阅区/ [索取号:K815.47-51/58:6] | 在馆 | |
| 5 | 0288936 | 002889360 | 第二借阅区/ [索取号:K815.47-51/58:6] | 在馆 | |
| 6 | 0288937 | 002889379 | 第二样本阅览室/ [索取号:K815.47-51/58:6] | 在馆 |